LEADER 00962nam a2200253 u 4500 001 000000090256 003 CaOOAMICUS 005 20070226124714.0 008 051209s1972 it u000 u ita u 035 $a11071957 040 $aPUL(R)$bita 245 03$aLa parola di Dio e l'Ecumenismo /$c[Antonio Ambrosanio...et al.]. 260 $aRoma :$bA.V.E.,$cc1972. 300 $a270 p. ;$c22 cm 490 1 $aSaggi ;$v12 504 $aBibliografia in nota. 650 4$aEcumenismo.$0(OLS)http://pul/subject/995 700 1 $aAmbrosanio, Antonio.$0(OLS)http://pul/name/58424 830 0$aSaggi (A.V.E.) ;$v12.$0(OLS)http://pul/title/80225 850 $aPUL 852 $aPUL$W1$xDP1 Fondo Pastorale$y55$mP18 C 24$j113938$nBK-PRI$b $qFondi$B113938$CPULBib$Z2$F113938 $H $81 941 1 $a1 996 $6245$aLa parola di Dio e l'Ecumenismo$9(OLS)http://pul/title/116584 996 $6260$aRoma :$bA.V.E.$9(OLS)http://pul/publisher/47979 LEADER 01329nam a2200277 u 4500 001 000000061019 003 CaOOAMICUS 005 20070226120958.0 008 010828s1999 it u000 u ita u 035 $a10900342 040 $aPUL(R)$bita 100 1 $aGo?{ogon}abek, Jan.$0(OLS)http://pul/name/41625 245 13$aLa gioia cristiana nella Lettera ai Filippesi al'interno della tradizione biblica /$cJan Go?{ogon}abek. 260 $aRomae :$b[s.n.],$c1999. 300 $a216 p. ;$c24 cm 500 $aIn testa al front.: "Pontificia Universitas Sanctae Crucis. Facultas Theologiae". 502 $aThesis (Doct.) -- Pontificia Universitas Sanctae Crucis. Facultas Theologiae. 504 $aBibliografia: p. 197-216. 630 04$aBiblia.$pN.T.$pAd Philippenses.$0(OLS)http://pul/subject/15112 710 2 $aPontificia Universitą della Santa Croce.$bFacoltą di teologia.$kTesi.$0(OLS)http://pul/name/81920 850 $aPUL 852 $aPUL$W1$xDP1 Tesi Pon. Univ. S. Croce$y43$mTH S.CRUC 180$j79585$nBK-PRI$b $qTesi$B79585$CPULBib$Z2$F79585 $H $81 941 1 $a16 961 $aINV: 83953 996 $6245$aLa gioia cristiana nella Lettera ai Filippesi al'interno della tradizione biblica$9(OLS)http://pul/title/81507 996 $6260$aRomae :$b[s.n.]$9(OLS)http://pul/publisher/48223